Dil saaf hona chahida / (Record no. 46937)

MARC details
000 -LEADER
fixed length control field 01122njm a22002897a 4500
005 - DATE AND TIME OF LATEST TRANSACTION
control field 20100920115842.0
006 - FIXED-LENGTH DATA ELEMENTS--ADDITIONAL MATERIAL CHARACTERISTICS--GENERAL INFORMATION
fixed length control field a|||||r|||||00| 0
007 - PHYSICAL DESCRIPTION FIXED FIELD--GENERAL INFORMATION
fixed length control field sd ammalaaahaa
008 - FIXED-LENGTH DATA ELEMENTS--GENERAL INFORMATION
fixed length control field 100901t xxu||||| |||| 00| 0 eng d
028 ## - PUBLISHER NUMBER
Publisher number ECSD. 3090
Source EMI
035 ## - SYSTEM CONTROL NUMBER
System control number GR-03895
040 ## - CATALOGING SOURCE
Original cataloging agency SED
Transcribing agency SED
100 ## - MAIN ENTRY--PERSONAL NAME
Personal name Gurdas Maan
9 (RLIN) 17891
245 ## - TITLE STATEMENT
Title Dil saaf hona chahida /
Statement of responsibility, etc by Gurdas Maan; lyric by Gurdas Maan; music by Charanjit Ahuja
Medium [Sound recording]
246 ## - VARYING FORM OF TITLE
Title proper/short title ਦਿਲ ਸਾਫ਼ ਹੋਣਾ ਚਾਹਿਦਾ / ਗੁਰਦਾਸ ਮਾਨ ਦ੍ਵਾਰਾ
260 ## - PUBLICATION, DISTRIBUTION, ETC. (IMPRINT)
Place of publication, distribution, etc Dum Dum, India
Name of publisher, distributor, etc EMI
Date of publication, distribution, etc 1983
300 ## - PHYSICAL DESCRIPTION
Extent 1 Sound disc [Gramophone Recording] :
Other physical details analog, 33 1/3 rpm
Dimensions 12 in. (LP)
Type of unit Gramophone Record
500 ## - GENERAL NOTE
General note Brief record
500 ## - GENERAL NOTE
General note Record Labels : EMI, Red
505 ## - FORMATTED CONTENTS NOTE
Formatted contents note Side-2 (Akh lag gayi sohniyan nal) (Gurdas Maan)
600 ## - SUBJECT ADDED ENTRY--PERSONAL NAME
Personal name Gurdas Maan
9 (RLIN) 19718
650 ## - SUBJECT ADDED ENTRY--TOPICAL TERM
Topical term or geographic name as entry element Punjabi film songs
General subdivision Excerpts
Geographic subdivision India
9 (RLIN) 17892
700 ## - ADDED ENTRY--PERSONAL NAME
Personal name Gurdas Maan
9 (RLIN) 20083
700 ## - ADDED ENTRY--PERSONAL NAME
Personal name Charanjit Ahuja
9 (RLIN) 20095
942 ## - ADDED ENTRY ELEMENTS (KOHA)
Source of classification or shelving scheme Dewey Decimal Classification
Item type Gramaphone Records
Holdings
Withdrawn status Lost status Source of classification or shelving scheme Damaged status Not for loan Collection code Home library Current library Date acquired Source of acquisition Total Checkouts Barcode Date last seen Copy number Price effective from Koha item type
    Dewey Decimal Classification   Not For Loan Non-fiction Central Library Central Library 20/09/2010 SED/VEN   GR-03895 20/09/2010 1 20/09/2010 Gramaphone Records

© Delhi Public Library
Hit Counter
free hit counter